000 00444cam a2200181ua 4500
020 _c5.00
041 _ahin
_h
082 _a891.54
_bAYO/PA
100 _aAyodhya singh, Upadhyay pandit .
245 _aParijat /
_cAyodhyasingh upadhyay pandit.
_hTextual Documents
250 _a2 /
_b.
260 _a :
_bHindi sahithya kutir ,
_c1954.
300 _a438 ; .
365 _a5.00
504 _a
942 _cBK
999 _c8299
_d8299